000 00499cam a2200193 4500
001 2207469
005 20180302053625.0
008 700805s1970 nyua 001 0 eng
010 _a 74087891
040 _aDLC
_cDLC
_dDLC
041 _aeng
080 _a574.192 BAU
082 0 0 _a574.192 BAU
100 1 _a12
101 _aKIM
245 1 0 _aIntroduction to organic and biological chemistry
_c[by] Stuart J. Baum.
906 _a7
_bcbc
_corignew
_d2
_encip
_f19
_gy-gencatlg
942 _2ddc
_cBK
999 _c44004
_d44004